000
00318nam a2200145Ia 4500
008
230718s9999 xx 000 0 und d
041
_a
Eng.
082
_a
343.54
_b
SID-L
100
_a
Siddiqui,Assar
245
0
_a
law of tosts
260
_a
Pakistan
_b
Ascasis
_c
1993
300
_a
440
650
_a
Law
999
_c
30386
_d
30386